Statistics for Flags of the Countries that Start with M

Click here to take the quiz!

General Stats

  • This quiz has been taken 2,072 times
    (1,511 since last reset)
  • The average score is 13 of 17

Answer Stats

Answer% Correct
Mexico
98%
Malaysia
90%
Morocco
90%
Monaco
88%
Malta
88%
Montenegro
84%
Moldova
83%
Mongolia
80%
Mozambique
77%
Mauritania
74%
Mali
73%
Malawi
71%
Marshall Islands
70%
Myanmar
70%
Maldives
67%
Mauritius
67%
Madagascar
65%

Score Distribution

Percentile by Number Answered

Percent of People with Each Score

Your Score History

You have not taken this quiz since the last reset